Francisco de Zurbarán (Record no. 544)

MARC details
000 -CABECERA
campo de control de longitud fija 01024nam a2200265 a 4500
001 - NÚMERO DE CONTROL
campo de control BRCA_618
005 - FECHA Y HORA DE LA ÚLTIMA TRANSACCIÓN
campo de control 20190320203103.0
008 - DATOS DE LONGITUD FIJA--INFORMACIÓN GENERAL
campo de control de longitud fija 250805s1994----fr-a---f##---#000-0#fre-#
020 ## - NÚMERO INTERNACIONAL ESTÁNDAR DEL LIBRO
Número Internacional Estándar del Libro 2908063107
041 ## - CÓDIGO DE LENGUA
Código de lengua del texto/banda sonora o título independiente fre
041 ## - CÓDIGO DE LENGUA
Código de lengua del texto/banda sonora o título independiente spa
041 ## - CÓDIGO DE LENGUA
Código de lengua del texto/banda sonora o título independiente eng
Código de lengua original spa
050 #4 - SIGNATURA TOPOGRÁFICA DE LA BIBLIOTECA DEL CONGRESO
Número de clasificación ND813.Z9
Número de documento/Ítem .C37 1994
100 1# - ENTRADA PRINCIPAL--NOMBRE DE PERSONA
Nombre de persona Caturla, María Luisa
9 (RLIN) 2112
245 10 - MENCIÓN DE TÍTULO
Título Francisco de Zurbarán
Mención de responsabilidad, etc. María Luisa Caturla ; traduction, adaptation et appareil critique par Odile Delenda.
260 ## - PUBLICACIÓN, DISTRIBUCIÓN, ETC.
Lugar de publicación, distribución, etc. París
Nombre del editor, distribuidor, etc. Wildenstein Institute
Fecha de publicación, distribución, etc. 1994
300 ## - DESCRIPCIÓN FÍSICA
Extensión 369 p.
Otras características físicas il. (algunas a color), láminas, tablas
Dimensiones 34 cm.
500 ## - NOTA GENERAL
Nota general Firma del artista en los papeles de la guarnición
500 ## - NOTA GENERAL
Nota general Incluye las reimpresiones de artículos del autor en español y uno en inglés en ´Bibliographie de María Luisa Caturla´ (p. 253-326)
500 ## - NOTA GENERAL
Nota general Incluye índice onomástico
504 ## - NOTA DE BIBLIOGRAFÍA, ETC.
Nota de bibliografía, etc. Bibliografía: p. 335-350
600 14 - PUNTO DE ACCESO ADICIONAL DE MATERIA--NOMBRE DE PERSONA
Nombre de persona Zurbarán, Francisco
Fechas asociadas al nombre 1598-1664
Subdivisión general Crítica e interpretación
9 (RLIN) 2113
700 1# - PUNTO DE ACCESO ADICIONAL--NOMBRE DE PERSONA
Nombre de persona Delenda, Odile
9 (RLIN) 2114
942 ## - ELEMENTOS DE PUNTO DE ACCESO ADICIONAL (KOHA)
Fuente del sistema de clasificación o colocación Library of Congress Classification
Tipo de ítem Koha Libros
Holdings
Estado de retiro Estado de pérdida Estado dañado No para préstamo Localización permanente Ubicación/localización actual Fecha de adquisición Total de préstamos Signatura topográfica completa Código de barras Fecha visto por última vez Precio válido a partir de Tipo de ítem Koha
El ejemplar forma parte de la colección y puede ser consultado según las políticas vigentes.       Biblioteca del Museo Franz Mayer (Rogerio Casas-Alatriste) Biblioteca del Museo Franz Mayer (Rogerio Casas-Alatriste) 25/06/2008   ND813.Z9 .C37 1994 00947 22/03/2019 22/03/2019 Libros